|
|
|
|
| LEADER |
00000nab a2200000uu 4500 |
| 001 |
vtls011480242 |
| 003 |
SK-MaSNL |
| 005 |
20260303160034.0 |
| 008 |
230222|2001 xo |||||||||||||||||pol| |
| 015 |
|
|
|a SNBRB
|
| 035 |
|
|
|a (urnnbn)urn:nbn:sk:snk:ar-0056ke
|
| 035 |
|
|
|a (uuid)4120269d-fc0f-440f-b312-0e1c63dae49a
|
| 035 |
|
|
|a urn:nbn:sk:snk-abd7u8
|
| 040 |
|
|
|a SNKBUCL
|b slo
|c SNKBUCL
|e AACR2
|
| 041 |
0 |
|
|a pol
|
| 044 |
|
|
|a xo
|c SK
|
| 100 |
1 |
|
|a Panic, B.
|4 aut
|9 1176786
|
| 245 |
1 |
0 |
|a WPŁYW PRODUKCJI SPIEKU W PRZEDSIĘBIORSTWIE HUTNICZYM NA ZANIECZYSZCZENIA GAZOWO-PYŁOWE POWIETRZA ATMOSFERYCZNEGO
|c D. Burchart, B. Panic
|
| 246 |
3 |
|
|a INFLUENCE OF SINTER PRODUCTION IN STEELWORKS ON GAS AND DUST AIR POLLUTION
|
| 700 |
1 |
|
|a Burchart, D.
|4 aut
|9 1180321
|
| 773 |
0 |
|
|t Acta Metallurgica Slovaca : časopis Hutníckej fakulty Technickej univerzity Košice
|g Roč. 7, č. 5 (2/3) (2001), s. 511-514
|
| 958 |
|
|
|a OND
|
| 958 |
|
|
|a EUIPO
|
| 958 |
|
|
|a article18
|
| 999 |
|
|
|c 2043963
|d 2045893
|